[Event "chess.com Speed 5m+1spm 2018"]
[Site "chess.com INT"]
[Date "2018.12.01"]
[Round "3.8"]
[White "Aronian,L"]
[Black "Nakamura,Hi"]
[Result "1/2-1/2"]
[WhiteElo "2767"]
[BlackElo "2777"]

1.d4 Nf6 2.Nf3 d5 3.Bf4 c5 4.e3 Nc6 5.c3 e6 6.Nbd2 cxd4 7.exd4 Nh5 8.Bg5 f6
9.Be3 Bd6 10.g3 O-O 11.Nh4 g6 12.Be2 Ng7 13.O-O e5 14.dxe5 fxe5 15.Nb3 Be7
16.Bc5 Bh3 17.Bxe7 Nxe7 18.Ng2 Qb6 19.Bg4 Bxg4 20.Qxg4 e4 21.Rad1 Ngf5 22.Qe2 a5
23.Nd4 Rf6 24.Nxf5 Rxf5 25.Ne3 Re5 26.Rd4 Rf8 27.Rfd1 Qe6 28.c4 dxc4 29.Nxc4 Rd5
30.a3 Rfd8 31.Rxd5 Rxd5 32.Re1 Rd4 33.Nd2 e3 34.fxe3 Rd8 35.Qc4 Qxc4 36.Nxc4 Nc6
37.Re2 b5 38.Nd2 Ne5 39.Nb3 Rd1+ 40.Kg2 Nc4 41.Kf3 Rb1 42.Nd4 Nxb2 43.Nxb5 Nc4
44.a4 Rb4 45.Nc3 Ne5+ 46.Kg2 Rc4 47.Nd5 Rxa4 48.Rb2 Kf7 49.Rb7+ Ke6 50.Nf4+ Kf5
51.Rxh7 Ra2+ 52.Kh3 g5 53.g4+ Ke4 54.Ne6 Nf3 55.Kg3 Kxe3 56.Re7 Nxh2 57.Nxg5+ Kd3
58.Rd7+ Ke3 59.Re7+ Kd3  1/2-1/2

[Event "chess.com Speed 3m+1spm 2018"]
[Site "chess.com INT"]
[Date "2018.12.01"]
[Round "3.15"]
[White "Nakamura,Hi"]
[Black "Aronian,L"]
[Result "1-0"]
[WhiteElo "2777"]
[BlackElo "2767"]

1.e4 c6 2.Nc3 d5 3.Nf3 Bg4 4.h3 Bxf3 5.Qxf3 e6 6.g3 Nf6 7.Bg2 Be7 8.O-O O-O
9.Qe2 a5 10.d3 Na6 11.f4 Nc7 12.g4 dxe4 13.dxe4 Nb5 14.Nxb5 cxb5 15.Be3 Qc7
16.Qxb5 a4 17.Bb6 Qd7 18.Qxd7 Nxd7 19.Be3 Rfc8 20.Rfd1 Nf8 21.Rac1 e5 22.f5 Bc5
23.Kf2 f6 24.Bf1 Kf7 25.Bb5 Ke7 26.a3 g6 27.Rd5 Bxe3+ 28.Kxe3 h5 29.c4 h4
30.Rcd1 Rc7 31.Rd6 gxf5 32.exf5 Rac8 33.Rb6 Nh7 34.Rdd6 Kf7 35.Bxa4  1-0

[Event "chess.com Speed 1m+1spm 2018"]
[Site "chess.com INT"]
[Date "2018.12.01"]
[Round "3.26"]
[White "Aronian,L"]
[Black "Nakamura,Hi"]
[Result "0-1"]
[WhiteElo "2767"]
[BlackElo "2777"]

1.e4 e5 2.Nf3 Nc6 3.Bc4 Bc5 4.d3 Nf6 5.O-O d6 6.c3 O-O 7.Nbd2 a5 8.Bb3 h6
9.Re1 Be6 10.Nf1 Re8 11.Ba4 Qb8 12.d4 exd4 13.cxd4 Bb4 14.Re2 b5 15.Bc2 a4
16.d5 Bg4 17.dxc6 Qb6 18.Ne3 Bxf3 19.gxf3 Qxc6 20.Bd2 Bc5 21.Bc3 Nh5 22.Ng2 b4
23.Bd4 b3 24.axb3 axb3 25.Rxa8 Rxa8 26.Bxb3 Bxd4 27.Bd5 Qa4 28.b3 Qa1 29.Re1 Ra2
30.Qxa1 Bxa1 31.b4 Ra3 32.Ne3 Nf4 33.Rc1 Ne2+  0-1

[Event "chess.com Speed 1m+1spm 2018"]
[Site "chess.com INT"]
[Date "2018.12.01"]
[Round "3.25"]
[White "Nakamura,Hi"]
[Black "Aronian,L"]
[Result "0-1"]
[WhiteElo "2777"]
[BlackElo "2767"]

1.d4 Nf6 2.Nf3 e6 3.c4 d5 4.Nc3 dxc4 5.e4 Bb4 6.Bxc4 Nxe4 7.O-O Nxc3 8.bxc3 Bd6
9.Bg5 Be7 10.Bf4 O-O 11.Ne5 Nd7 12.Re1 Nxe5 13.Bxe5 Bd7 14.Qg4 Bf6 15.Re3 Bxe5
16.dxe5 Bc6 17.Rg3 g6 18.h4 Qd2 19.h5 Rad8 20.hxg6 fxg6 21.Bxe6+ Kg7 22.Rf1 Qf4
23.Qxf4 Rxf4 24.Re3 a5 25.g3 Rf3 26.Rxf3 Bxf3 27.Bb3 b5 28.a4 bxa4 29.Bxa4 Rd3
30.Re1 Kf7 31.Rc1 Ke6 32.Bc2 Rd2 33.Bb3+ Bd5 34.c4 Bf3 35.Ra1 Rb2 36.Bd1 Bxd1
37.Rxd1 a4 38.Rd5 Rb4 39.Rc5 a3 40.Ra5 Rxc4 41.Rxa3 Kxe5 42.Rf3 Ke6 43.Rf8 Rd4
44.Re8+ Kf7 45.Rc8 Rd7 46.Kg2 Ke6 47.Kf3 Kd5 48.Ke3 c5 49.Kd3 Rb7 50.Rd8+ Kc6
51.Rc8+ Kb5 52.Kc3 Ra7 53.Rb8+ Kc6 54.Rc8+ Rc7 55.Rh8 Rf7 56.f4 Kd5 57.Kd3 c4+
58.Kc3 Ke4 59.Kxc4 Kf3 60.Kd5 Kxg3 61.Ke6 Rxf4 62.Rxh7 g5 63.Ke5 g4  0-1

[Event "chess.com Speed 1m+1spm 2018"]
[Site "chess.com INT"]
[Date "2018.12.01"]
[Round "3.24"]
[White "Aronian,L"]
[Black "Nakamura,Hi"]
[Result "1-0"]
[WhiteElo "2767"]
[BlackElo "2777"]

1.e4 e5 2.Nf3 Nc6 3.Bc4 Bc5 4.c3 Nf6 5.d4 exd4 6.e5 d5 7.Be2 Ne4 8.cxd4 Bb6
9.Nc3 O-O 10.O-O f6 11.exf6 Nxc3 12.bxc3 Qxf6 13.h3 Bf5 14.a4 Rae8 15.Nh2 Na5
16.Bh5 Bg6 17.Ng4 Qf5 18.Bxg6 Qxg6 19.Ne5 Qe6 20.Ra2 Nc4 21.Nxc4 dxc4 22.a5 Rf5
23.axb6 axb6 24.f4 Rf7 25.Raf2 Qd5 26.f5 b5 27.f6 g6 28.Qg4 b6 29.Rf5 Qd7
30.Re5 Rxe5 31.dxe5 Qd5 32.Bh6 Qxe5 33.Qc8+ Qe8 34.Qxe8+ Rf8 35.Qxf8+  1-0

[Event "chess.com Speed 1m+1spm 2018"]
[Site "chess.com INT"]
[Date "2018.12.01"]
[Round "3.23"]
[White "Nakamura,Hi"]
[Black "Aronian,L"]
[Result "0-1"]
[WhiteElo "2777"]
[BlackElo "2767"]

1.e4 e6 2.Ke2 d5 3.d3 Nc6 4.c3 Nf6 5.Qc2 e5 6.g3 g6 7.Bg2 Bg7 8.Nf3 O-O 9.Rd1 Bg4
10.h3 Be6 11.Kf1 h6 12.Kg1 a5 13.a4 Qd7 14.Kh2 Rad8 15.Re1 dxe4 16.dxe4 Nh7
17.Na3 f5 18.Nh4 Qf7 19.exf5 gxf5 20.Be3 Ng5 21.f4 exf4 22.Bxf4 Bd5 23.Nb5 Be4
24.Qf2 Rd3 25.Bxc7 Be5 26.Bxe5 Nxe5 27.Nd4 Nc4 28.Rad1 Rxd1 29.Rxd1 Bxg2
30.Qxg2 Ne3 31.Qe2 Nxd1 32.Nhxf5 Qd7 33.Nxh6+ Kg7 34.Ng4 Qd5 35.h4 Nf3+ 36.Kh3 Ng1+  0-1

[Event "chess.com Speed 3m+1spm 2018"]
[Site "chess.com INT"]
[Date "2018.12.01"]
[Round "3.14"]
[White "Aronian,L"]
[Black "Nakamura,Hi"]
[Result "0-1"]
[WhiteElo "2767"]
[BlackElo "2777"]

1.e4 e5 2.Nf3 Nc6 3.Bc4 Bc5 4.d3 Nf6 5.O-O d6 6.c3 O-O 7.Bg5 h6 8.Bh4 a6
9.a4 Ba7 10.Na3 g5 11.Bg3 g4 12.Nh4 Nh5 13.Nc2 Qg5 14.Re1 Be6 15.Ne3 Bxe3
16.Rxe3 Bxc4 17.dxc4 Ne7 18.a5 Ng7 19.Qb3 Ne6 20.Rd1 h5 21.Ree1 Rab8 22.f3 Ng6
23.Nxg6 Qxg6 24.Kh1 gxf3 25.gxf3 Qf6 26.Re3 Kh7 27.Qc2 Rg8 28.Qf2 Nf4 29.Bxf4 Qxf4
30.c5 dxc5 31.Rd7 Rbd8 32.Rd2 Rxd2 33.Qxd2 Qg5 34.Qf2 Rd8 35.b4 cxb4 36.cxb4 h4
37.Re1 Rd2 38.Qg1 Qf4 39.Rf1 c6 40.Rf2 h3 41.Rxd2 Qxd2 42.Qf1 Qh6 43.Kg1 Qh4
44.Qe2 Qg5+ 45.Kf1 Kg6 46.Qc2 Qe3 47.Qf2 Qc1+ 48.Ke2 Qb2+ 49.Kf1 Qc1+ 50.Qe1 Qxe1+
51.Kxe1 Kg5 52.Ke2 Kf4 53.Kf2 f6 54.Ke2 f5 55.exf5 Kxf5 56.Ke3 Kf6 57.Kf2 Ke6
58.Kg3 Kd5 59.Kxh3 Kc4 60.Kg4 Kxb4 61.h4 c5 62.h5 c4 63.h6 c3 64.h7 c2 65.h8=Q c1=Q
66.Qxe5 Qg1+ 67.Kf5 Qh1 68.f4 Qh5+ 69.Ke6 Qe8+ 70.Kf6 Qh8+ 71.Kg6 Qg8+ 72.Qg7 Qe6+
73.Kg5 Qd5+ 74.Qe5 Qg8+ 75.Kh6 Qf8+ 76.Kg6 Qg8+ 77.Qg7 Qe8+ 78.Kg5 Qe3 79.Qe5 Qg3+
80.Kf6 Qh4+ 81.Kf7 Qh7+ 82.Ke8 Qg6+ 83.Kd8 b5 84.axb6 Qxb6+ 85.Qc7 Qxc7+  0-1

[Event "chess.com Speed 1m+1spm 2018"]
[Site "chess.com INT"]
[Date "2018.12.02"]
[Round "4.27"]
[White "Nakamura,Hi"]
[Black "So,W"]
[Result "1/2-1/2"]
[WhiteElo "2777"]
[BlackElo "2780"]

1.Nf3 Nf6 2.b3 d5 3.Bb2 e6 4.e3 Be7 5.c4 O-O 6.cxd5 Nxd5 7.Nc3 c5 8.Be2 Nc6
9.O-O Nxc3 10.dxc3 b6 11.c4 Bb7 12.a3 Qxd1 13.Rfxd1 Rfd8 14.Rxd8+ Rxd8 15.Rd1 Rxd1+
16.Bxd1 f6 17.Nd2 Kf7 18.Bc2 f5 19.f4 Bf6 20.Bxf6 Kxf6 21.Kf2 e5 22.g3 e4
23.g4 g6 24.gxf5 gxf5 25.Nf1 a5 26.a4 Ne7 27.Ng3 Bc6 28.Bd1 Be8 29.Nf1 Nc6
30.Nd2 Ne7 31.Nb1 Bf7 32.Nc3 Be8 33.Kg3 Kg6 34.Kh4 Kf6 35.Bh5 Bc6 36.Kg3 Kg7
37.Kf2 Kf6 38.Ne2 Kg7 39.Ng3 Kf6 40.Bd1 Kg7 41.Be2 Kf6 42.Bf1 Kg7 43.Bh3 Kf6
44.Ke2 Kg6 45.Kd2 Kf6 46.Kc3 Kg6 47.Bg2 Kf6 48.h4 Kg6 49.h5+ Kf6 50.Bf1 h6
51.Bh3 Ke6 52.Kd2 Kf6 53.Ke1 Ke6 54.Kf2 Kf6 55.Bf1 Ke6 56.Be2 Kf6 57.Bd1 Ke6
58.Nf1 Kf6 59.Nd2 Ke6 60.Nb1 Kf6 61.Kg3 Ke6 62.Nc3 Kf6 63.Kh4  1/2-1/2

[Event "chess.com Speed 5m+1spm 2018"]
[Site "chess.com INT"]
[Date "2018.12.02"]
[Round "4.9"]
[White "Nakamura,Hi"]
[Black "So,W"]
[Result "1-0"]
[WhiteElo "2777"]
[BlackElo "2780"]

1.e4 e5 2.Nf3 Nc6 3.Bb5 Nf6 4.O-O Nxe4 5.Re1 Nd6 6.Nxe5 Be7 7.Bf1 Nxe5 8.Rxe5 O-O
9.Nc3 Ne8 10.Nd5 Bd6 11.Re1 c6 12.Ne3 Be7 13.c4 Nc7 14.d4 d5 15.cxd5 Bb4
16.Bd2 Bxd2 17.Qxd2 Nxd5 18.Nxd5 Qxd5 19.Re5 Qd6 20.Bc4 Bd7 21.Rae1 Rae8
22.Qc3 Rxe5 23.dxe5 Qe7 24.Rd1 Be6 25.Bxe6 Qxe6 26.a3 f6 27.exf6 Qxf6 28.Qb3+ Kh8
29.f3 b6 30.Rd7 Rd8 31.Qf7 Qxf7 32.Rxd8+ Qg8 33.Rxg8+ Kxg8 34.Kf2 Kf7 35.Ke3 Ke6
36.Ke4 g6 37.f4 h5 38.g3 a5 39.h3 a4 40.g4 hxg4 41.hxg4 Kf6 42.Kd4 Ke6 43.Kc4 Kd6
44.Kd4 Ke6 45.Ke4 Kf6 46.f5 gxf5+ 47.gxf5 c5 48.Kd5 Kxf5 49.Kc6 Ke5 50.Kxb6 Kd4
51.Kb5 c4 52.Kxa4  1-0

[Event "chess.com Speed 1m+1spm 2018"]
[Site "chess.com INT"]
[Date "2018.12.02"]
[Round "4.26"]
[White "So,W"]
[Black "Nakamura,Hi"]
[Result "1/2-1/2"]
[WhiteElo "2780"]
[BlackElo "2777"]

1.Nf3 d5 2.e3 g6 3.c4 c6 4.Nc3 Bg7 5.d4 Nf6 6.Be2 O-O 7.O-O Bg4 8.cxd5 Nxd5
9.h3 Bxf3 10.Bxf3 e6 11.e4 Nb6 12.e5 N8d7 13.Ne4 Qc7 14.Be3 c5 15.Rc1 Nd5
16.Nxc5 Nxe3 17.fxe3 Nxc5 18.Rxc5 Qd7 19.Qb3 Rac8 20.Qxb7 Qxb7 21.Bxb7 Rxc5
22.dxc5 Rd8 23.b4 Bxe5 24.Rc1 Rd3 25.a4 Rxe3 26.b5 Rc3 27.Rxc3 Bxc3 28.Kf1 Bd4
29.c6 Bb6 30.Ke2 Kf8 31.Kd3 Ke7 32.Kc4 Kd6 33.Kb4 Bc5+ 34.Kc4 Bb6 35.Kb4 a5+
36.bxa6 Ba7 37.Kc4 f5 38.Bc8 e5 39.Bd7 e4 40.Kc3 f4 41.Kd2 f3 42.gxf3 exf3
43.Bg4 f2 44.Ke2 Kxc6 45.Kf1 Bc5 46.Be2 Kb6 47.Kg2 Ka5 48.Bf1 Kxa4 49.Be2 Kb4
50.Bf1 Kc3 51.Be2 Kd2 52.Bf1 Ke1 53.Bb5 Ba7 54.Bc4 g5 55.Bb5 h5 56.Bc4 Kd2
57.Bb5 Ke3 58.Bf1 Kf4 59.Be2 h4 60.Bg4 Ke3 61.Kf1 Kf4 62.Bh5 Ke3 63.Bg4 Kf4
64.Bh5 Ke4 65.Bg4 Ke5 66.Bh5 Kd6 67.Bg4 Kc5 68.Bh5 Kb4 69.Bg4 Ka5 70.Be2 Kb4
71.Bg4 Kc3 72.Bh5 Kd3 73.Bg4 Ke4 74.Bh5 Ke5 75.Bg4 Kd6 76.Bh5 Ke7 77.Bg4 Kd8
78.Bh5 Kc7 79.Bg4 Kb8 80.Bh5 Bb6 81.Bg4 Ka7 82.Be2 Be3 83.Bd3 g4 84.hxg4 h3
85.g5 h2 86.Be4 Bxg5 87.Kxf2 Kxa6 88.Kg2 Bf4 89.Kh1 Be5 90.Bf3 Ka7 91.Bg2 Kb8
92.Bf3 Kc7 93.Bg2 Kd8 94.Bf3 Ke7 95.Bg2 Kf8 96.Be4 Kg7 97.Bf5 Kh8 98.Be6 Kh7
99.Bf7 Kh6 100.Bg6 Kg5 101.Bf5 Kf4 102.Bg4 Ke3 103.Bf3 Kd4 104.Bg2 Kc3 105.Bf3 Kb4
106.Be4 Ka3 107.Bd5 Kb2 108.Bc4 Ka1 109.Bd3 Ka2 110.Be2 Ka3 111.Bd1 Kb4 112.Bb3 Ka5
113.Bc4 Kb6 114.Bb5 Kxb5 115.Kg2 Ka5 116.Kh1 Ka6 117.Kg2 Ka7 118.Kh1 Ka8
119.Kg2 Kb8 120.Kh1 Kc8 121.Kg2 Kd8 122.Kh1 Ke8 123.Kg2 Kf8 124.Kh1 Kg8 125.Kg2 Kh8
126.Kh1 Kh7 127.Kg2 Kg7 128.Kh1 Kg6 129.Kg2 Kf6 130.Kh1 Ke6 131.Kg2 Kd6 132.Kh1 Kd5
133.Kg2 Kc5 134.Kh1 Kb5 135.Kg2 Ka5 136.Kh1 Ka4 137.Kg2 Kb4 138.Kh1 Kc4 139.Kg2 Kd4
140.Kh1 Ke4 141.Kg2 Ke3 142.Kh1 Kd3 143.Kg2 Kc3 144.Kh1 Kb3 145.Kg2 Kb2 146.Kh1 Kc2
147.Kg2 Kd2 148.Kh1 Ke2 149.Kg2 Ke1 150.Kh1 Kd1 151.Kg2 Kc1 152.Kh1 Kc2 153.Kg2 Kb2
154.Kh1 Kb1 155.Kg2 Ka1 156.Kh1 Ka2 157.Kg2 Kb2 158.Kh1 Kb3 159.Kg2 Ka3 160.Kh1 Ka4
161.Kg2 Kb4 162.Kh1 Kc4 163.Kg2 Kc5 164.Kh1  1/2-1/2

[Event "chess.com Speed 1m+1spm 2018"]
[Site "chess.com INT"]
[Date "2018.12.02"]
[Round "4.25"]
[White "Nakamura,Hi"]
[Black "So,W"]
[Result "1-0"]
[WhiteElo "2777"]
[BlackElo "2780"]

1.Nf3 d5 2.b3 e6 3.Bb2 Nf6 4.e3 Be7 5.c4 O-O 6.Nc3 c5 7.cxd5 Nxd5 8.Be2 Nc6
9.O-O b6 10.Nxd5 Qxd5 11.d4 Bb7 12.dxc5 Qxc5 13.Rc1 Qd6 14.Qxd6 Bxd6 15.Rfd1 Rfd8
16.Nd2 Nb4 17.a3 Nd5 18.Nc4 Be7 19.Bf3 f6 20.g3 Kf7 21.e4 Nc7 22.Rxd8 Rxd8
23.Ne5+ fxe5 24.Rxc7 Rd3 25.Bh5+ g6 26.Rxb7 gxh5 27.Bxe5 Ke8 28.Rxa7 Rxb3
29.a4 Rb4 30.Ra8+ Kf7 31.Ra7 Ke8 32.f3 b5 33.Ra8+ Kf7 34.axb5 Rxb5 35.Bf4 Bc5+
36.Kg2 Rb2+ 37.Kh3 Bg1 38.g4 hxg4+ 39.fxg4 Rb3+ 40.Kg2 Bd4 41.Rd8 Rb2+ 42.Kh3 Rb3+
43.Kg2 Rb2+ 44.Kf3 Rb3+ 45.Ke2 Rb2+ 46.Kd3 Bg1 47.Rd7+ Kg6 48.Be5 Rb5 49.Rg7+ Kh6
50.Bf6 Rb3+ 51.Kc4 Re3 52.e5 Re4+ 53.Kd3 Rf4 54.h4 Bd4 55.Rg8  1-0

[Event "chess.com Speed 1m+1spm 2018"]
[Site "chess.com INT"]
[Date "2018.12.02"]
[Round "4.24"]
[White "So,W"]
[Black "Nakamura,Hi"]
[Result "0-1"]
[WhiteElo "2780"]
[BlackElo "2777"]

1.e4 e5 2.Nf3 Nc6 3.Bc4 Bc5 4.O-O Nf6 5.d3 d6 6.c3 O-O 7.Re1 h6 8.Nbd2 Be6
9.b4 Bb6 10.Bxe6 fxe6 11.Nc4 Ne7 12.Be3 c6 13.Bxb6 axb6 14.a4 Ng6 15.g3 Nh7
16.Kg2 Qc7 17.Re3 Rf7 18.Ra2 Raf8 19.Ng1 d5 20.Na3 Nf6 21.f3 Qe7 22.Re1 Nh7
23.Rf2 Rd8 24.Qc2 Qf8 25.Nb1 Rfd7 26.Nd2 Qf7 27.Nf1 Nf6 28.Ne2 Rf8 29.Ng1 Rfd8
30.Ne2 Qe7 31.Ng1 d4 32.c4 Qxb4 33.Rb1 Qa5 34.Qb3 Rc7 35.c5 Qxc5 36.Rc2 Qe7
37.Qxb6 Ra8 38.Qb3 Nd7 39.Qc4 Ra6 40.Ra1 b5 41.Qb3 Nc5 42.Rxc5 Qxc5 43.Qxe6+ Kh7
44.Nh3 Rxa4 45.Rxa4 bxa4 46.Ng5+  0-1

[Event "chess.com Speed 1m+1spm 2018"]
[Site "chess.com INT"]
[Date "2018.12.02"]
[Round "4.23"]
[White "Nakamura,Hi"]
[Black "So,W"]
[Result "1/2-1/2"]
[WhiteElo "2777"]
[BlackElo "2780"]

1.b3 d5 2.Bb2 e6 3.Nf3 Nf6 4.e3 Be7 5.c4 O-O 6.Nc3 c5 7.cxd5 Nxd5 8.d4 cxd4
9.Nxd5 Qxd5 10.Qxd4 Qxd4 11.Nxd4 Bb4+ 12.Ke2 Rd8 13.f4 b6 14.Kf2 Bb7 15.Rc1 Bc5
16.Bb5 Nd7 17.Nc6 Rdc8 18.Rxc5 Nxc5 19.Ne7+ Kf8 20.Nxc8 Rxc8 21.Rc1 Ne4+
22.Ke1 Rxc1+ 23.Bxc1 Nc3 24.Ba3+ Kg8 25.Bd3 Bxg2 26.Kd2 Ne4+ 27.Bxe4 Bxe4
28.Bd6 f6 29.a3 Kf7 30.Bb8 a6 31.Bc7 b5 32.Ke2 Kg6 33.Kf2 Kf5 34.Bd6 Bd5
35.b4 Ke4 36.Bf8 g6 37.Bg7 f5 38.Bd4 Kd3 39.Bb6 Kc2 40.Ba5 Kb3 41.Ke2 Kxa3
42.Kd3 Kb2 43.Kd2 Kb3 44.Kd3 Kb2 45.Kd2 Be4 46.Bb6 Kb3 47.Ba5 Kc4 48.Ke2 Kc3
49.Kf2 Kd3 50.Bb6 Bd5 51.Bc7 h6 52.h4 Kc4 53.Ba5 Kd3 54.Bb6 Ke4 55.Bd8 e5
56.Bc7 Kd3 57.Ba5 Kc4 58.Kg3 Be6 59.Kf2 Bf7 60.Kf3 Bd5+ 61.Kf2 e4 62.Ke2 Kc3
63.Kf2 Bc4 64.Kg3 Kd2 65.Kf2 Kc3 66.Ke1 Kd3 67.Kf2 Kc3  1/2-1/2

[Event "chess.com Speed 1m+1spm 2018"]
[Site "chess.com INT"]
[Date "2018.12.02"]
[Round "4.28"]
[White "So,W"]
[Black "Nakamura,Hi"]
[Result "1/2-1/2"]
[WhiteElo "2780"]
[BlackElo "2777"]

1.Nf3 e6 2.d4 Ke7 3.c4 f6 4.Nc3 Kf7 5.g3 Bb4 6.Bg2 Ne7 7.O-O Rf8 8.Qc2 Kg8
9.e4 d5 10.exd5 exd5 11.cxd5 a6 12.a3 Bd6 13.Re1 Nd7 14.Nd2 Nb6 15.Qb3 Nf5
16.Nde4 Nxd4 17.Qd1 Nf5 18.Nxd6 Nxd6 19.Bf4 Bd7 20.Qd4 Nbc8  1/2-1/2

[Event "chess.com Speed 1m+1spm 2018"]
[Site "chess.com INT"]
[Date "2018.12.02"]
[Round "4.21"]
[White "Nakamura,Hi"]
[Black "So,W"]
[Result "1-0"]
[WhiteElo "2777"]
[BlackElo "2780"]

1.Nf3 d5 2.b3 e6 3.Bb2 Nf6 4.e3 Be7 5.c4 O-O 6.d4 c5 7.dxc5 dxc4 8.Nbd2 cxb3
9.Nxb3 Nbd7 10.Rc1 b6 11.c6 Nc5 12.Qxd8 Rxd8 13.Bb5 Nd3+ 14.Bxd3 Rxd3 15.Ne5 Bb4+
16.Ke2 Rd5 17.f3 Ba6+ 18.Kf2 Bd6 19.Nc4 Bc7 20.e4 Rd3 21.Be5 Bxc4 22.Bxc7 b5
23.Be5 Rc8 24.Na5 Rd2+ 25.Kg3 Nh5+ 26.Kh4 f6 27.Nxc4 bxc4 28.Bc3 Rxg2 29.Kxh5 Rxc6
30.Kh4 Rc5 31.Rcg1 Rxa2 32.Bxf6 g6 33.Kg3 c3 34.Ra1 Rxa1 35.Rxa1 c2 36.Rc1 a5
37.Kf2 a4 38.Bb2 Rh5 39.Kg3 Rc5 40.Kf4 Kf7 41.Ke3 a3 42.Bd4 Rc6 43.Kd3 a2
44.Rxc2 Rd6 45.Rxa2 e5 46.Ra4 Ke6 47.Ke3 exd4+ 48.Rxd4 Ra6 49.Rd2 g5 50.Kf2 Ra1
51.Rd5 h6 52.h4 Kf6 53.Rd6+ Kg7 54.hxg5 hxg5 55.Kg3 Rg1+ 56.Kh2 Rf1 57.Kg2 Ra1
58.Rc6 Kf7 59.Kf2 Kg7 60.Ke3 Ra3+ 61.Kf2 Ra1 62.Rd6 Kf7 63.Kg2 Kg7 64.Kh3 Rg1
65.Rd2 Kf6 66.Rg2 Rf1 67.Kg4 Ke5 68.Rg3 Kf6 69.Rg2 Ke5 70.Kg3 Kf6 71.Rf2 Rg1+
72.Kh2 Ra1 73.Kh3 Ke5 74.Kg3 Rg1+ 75.Rg2 Ra1 76.Kg4 Kf6 77.Rh2 Rg1+ 78.Kh3 Ke5
79.Rg2 Rxg2 80.Kxg2 Kf4 81.Kf2  1-0

[Event "chess.com Speed 3m+1spm 2018"]
[Site "chess.com INT"]
[Date "2018.12.02"]
[Round "4.20"]
[White "So,W"]
[Black "Nakamura,Hi"]
[Result "1/2-1/2"]
[WhiteElo "2780"]
[BlackElo "2777"]

1.e4 e5 2.Nf3 Nc6 3.Bc4 Bc5 4.O-O Nf6 5.d3 d6 6.c3 O-O 7.Re1 h6 8.Nbd2 a5
9.Nf1 Ne7 10.Bb3 Ng6 11.d4 Bb6 12.Ng3 Re8 13.h3 c6 14.Bc2 Bc7 15.Be3 Qe7
16.Qd2 Qf8 17.Rad1 Be6 18.b3 Rad8 19.c4 d5 20.exd5 cxd5 21.Bxg6 fxg6 22.dxe5 dxc4
23.Qc1 Nd5 24.bxc4 Nxe3 25.Rxd8 Rxd8 26.Rxe3 Qc5 27.Ne4 Qxc4 28.Qxc4 Bxc4
29.Rc3 b5 30.Ned2 Bxe5 31.Nxe5 Rxd2 32.Nxc4 bxc4 33.Rxc4 Rxa2 34.Rc8+ Kf7
35.Rc7+ Kg8 36.Rc8+ Kh7 37.Ra8 g5 38.g4 a4 39.Kg2 Ra1 40.Ra6 a3 41.Kh2 Kg8
42.Ra7 a2 43.Kg2 Kf8 44.Ra8+ Ke7 45.Ra7+ Kd6 46.Ra6+ Kc5 47.Ra5+ Kc4 48.Ra8 Kc3
49.Ra7 g6 50.Ra8 h5 51.Ra7 Kd3 52.Ra8 Ke4 53.Ra7 Ke5 54.Ra8 Kd4 55.Ra7 Kc3
56.Ra8  1/2-1/2

[Event "chess.com Speed 3m+1spm 2018"]
[Site "chess.com INT"]
[Date "2018.12.02"]
[Round "4.19"]
[White "Nakamura,Hi"]
[Black "So,W"]
[Result "1/2-1/2"]
[WhiteElo "2777"]
[BlackElo "2780"]

1.d4 Nf6 2.Nf3 d5 3.c4 e6 4.g3 Be7 5.Bg2 O-O 6.O-O dxc4 7.Ne5 Nc6 8.Nxc6 bxc6
9.Na3 Bxa3 10.bxa3 Ba6 11.Qa4 Bb5 12.Qc2 Qxd4 13.Bb2 Qc5 14.Rfd1 Rfd8 15.a4 Ba6
16.Qc3 h6 17.Ba3 Qf5 18.Bxc6 Rab8 19.f3 Rxd1+ 20.Rxd1 Rb1 21.Rxb1 Qxb1+ 22.Kg2 Qxa2
23.Bb2 Qb3 24.Qxb3 cxb3 25.e4 Bc8 26.Bb5 Bd7 27.Kf2 Bxb5 28.axb5 Ne8 29.e5 f6
30.f4 Kf7 31.Ke3 fxe5 32.fxe5 Ke7 33.Kd4 Kd7 34.Kc5 g5 35.g4 Ng7 36.h3 Ne8
37.Bd4 Ng7 38.Bb2 Ne8 39.Bd4 Ng7 40.Bb2  1/2-1/2

[Event "chess.com Speed 5m+1spm 2018"]
[Site "chess.com INT"]
[Date "2018.12.02"]
[Round "4.7"]
[White "Nakamura,Hi"]
[Black "So,W"]
[Result "1-0"]
[WhiteElo "2777"]
[BlackElo "2780"]

1.e4 e5 2.Nf3 Nc6 3.Bb5 a6 4.Bxc6 dxc6 5.O-O Qf6 6.d3 Bd6 7.Nbd2 Ne7 8.Nc4 Bg4
9.h3 Bxf3 10.Qxf3 Qxf3 11.gxf3 O-O 12.f4 exf4 13.Nxd6 cxd6 14.Bxf4 Rad8 15.Rfe1 Rd7
16.Bg3 d5 17.f3 f6 18.Re2 Kf7 19.Rae1 g5 20.e5 fxe5 21.Rxe5 h6 22.f4 Ng6
23.Rf5+ Kg7 24.Rxf8 Kxf8 25.fxg5 hxg5 26.Kg2 Rf7 27.Bd6+ Kg7 28.Kg3 Nh4 29.Kg4 Kg6
30.Re6+ Rf6 31.Rxf6+ Kxf6 32.Bc7 Kg6 33.Bd8 Ng2 34.Bxg5 Ne1 35.h4 Nxc2 36.h5+ Kh7
37.Bd2 Nd4 38.Kf4 Ne6+ 39.Kf5 Nc5 40.d4 Ne4 41.Bf4 Nf2 42.b3 Ne4 43.Ke6 Nc3
44.a4 a5 45.Kd7 b5 46.b4 bxa4 47.bxa5 a3 48.Bc1 a2 49.Bb2 Na4 50.Ba1 c5 51.a6 cxd4
52.a7 d3 53.Kc6  1-0

[Event "chess.com Speed 5m+1spm 2018"]
[Site "chess.com INT"]
[Date "2018.12.02"]
[Round "4.6"]
[White "So,W"]
[Black "Nakamura,Hi"]
[Result "0-1"]
[WhiteElo "2780"]
[BlackElo "2777"]

1.e4 e5 2.Nf3 Nc6 3.Bc4 Bc5 4.O-O Nf6 5.d3 d6 6.c3 O-O 7.h3 h6 8.Re1 Re8
9.Nbd2 a5 10.Nf1 Be6 11.Bxe6 fxe6 12.Ng3 Qd7 13.d4 exd4 14.cxd4 Bb4 15.Re2 d5
16.a3 Bf8 17.e5 Nh7 18.b3 a4 19.b4 Na7 20.Qd3 Qf7 21.Nh4 Be7 22.Ng6 Nf8 23.Nxe7+ Rxe7
24.f4 Qg6 25.Qf3 Rf7 26.Rf2 Nb5 27.Bb2 Nd7 28.f5 exf5 29.Qxd5 c6 30.Qa2 Qxg3
31.e6 Re7 32.exd7+ Kh7 33.d5 Rd8 34.dxc6 bxc6 35.Qb1 Nd6 36.Qc2 Rexd7 37.Raf1 Qb3
38.Qxc6 Ne4 39.Rxf5 Qe3+ 40.Kh2 Rd2 41.R5f3 Qe2 42.Rg3 Nxg3  0-1

[Event "chess.com Speed 5m+1spm 2018"]
[Site "chess.com INT"]
[Date "2018.12.02"]
[Round "4.5"]
[White "Nakamura,Hi"]
[Black "So,W"]
[Result "0-1"]
[WhiteElo "2777"]
[BlackElo "2780"]

1.Nf3 d5 2.b3 e6 3.Bb2 Nf6 4.e3 Be7 5.c4 O-O 6.d4 c5 7.dxc5 dxc4 8.Qxd8 Rxd8
9.Bxc4 Ne4 10.Ke2 Nxc5 11.Rc1 Nc6 12.Nbd2 Na5 13.Bb5 a6 14.Bd4 b6 15.Bc4 Bd7
16.Bxc5 Bxc5 17.a3 Nxc4 18.Nxc4 a5 19.Nfe5 Bb5 20.a4 Ba6 21.Nd3 Be7 22.Rc2 b5
23.axb5 Bxb5 24.Raa2 a4 25.bxa4 Bxa4 26.Rd2 Bb5 27.Rac2 Bf6 28.e4 Rd4 29.e5 Bxc4
30.exf6 Rad8 31.Rc3 gxf6 32.Ke3 f5 33.f4 Re4+ 34.Kf3 Red4 35.Ke3 Kf8 36.g3 f6
37.Rd1 Rxd3+ 38.Rdxd3 Rxd3+ 39.Rxd3 Bxd3 40.Kxd3 Ke7  0-1

[Event "chess.com Speed 5m+1spm 2018"]
[Site "chess.com INT"]
[Date "2018.12.02"]
[Round "4.4"]
[White "So,W"]
[Black "Nakamura,Hi"]
[Result "1/2-1/2"]
[WhiteElo "2780"]
[BlackElo "2777"]

1.e4 e5 2.Nf3 Nc6 3.Bc4 Bc5 4.O-O Nf6 5.d3 d6 6.c3 O-O 7.h3 a5 8.Re1 h6 9.Bb3 Be6
10.Ba4 Ba7 11.d4 Bd7 12.Bc2 exd4 13.cxd4 Nb4 14.Nc3 Nxc2 15.Qxc2 c5 16.Be3 cxd4
17.Bxd4 Bxd4 18.Nxd4 Qb6 19.Qd2 a4 20.Re3 Rfe8 21.Rae1 Rac8 22.Kh2 Rc4 23.Rd3 Qc5
24.a3 Bc6 25.f3 Bd7 26.Nc2 Qe5+ 27.f4 Qc5 28.Rxd6 Bc6 29.e5 Nd5 30.Re4 Rxc3
31.bxc3 Nxc3 32.Re3 Ne4 33.Rxc6 Qxc6 34.Qd4 Qxc2 35.Qxe4 Qxe4 36.Rxe4 b5
37.Rd4 Rc8 38.Rd5  1/2-1/2

[Event "chess.com Speed 3m+1spm 2018"]
[Site "chess.com INT"]
[Date "2018.12.02"]
[Round "4.12"]
[White "So,W"]
[Black "Nakamura,Hi"]
[Result "1-0"]
[WhiteElo "2780"]
[BlackElo "2777"]

1.e4 e5 2.Nf3 Nc6 3.Bc4 Bc5 4.O-O Nf6 5.d3 d6 6.c3 O-O 7.Re1 h6 8.Nbd2 a5
9.Nf1 Be6 10.Bb5 Ne7 11.d4 exd4 12.cxd4 Bb4 13.Re2 c6 14.Bd3 a4 15.a3 Ba5
16.Qxa4 Bg4 17.Qd1 Bxf3 18.gxf3 Ng6 19.Ng3 Bb6 20.Be3 c5 21.d5 Nd7 22.f4 Qh4
23.Qd2 Qg4 24.f3 Qxf3 25.Rf1 Qg4 26.Kh1 Rac8 27.Nf5 Nh4 28.Nxd6 Qh3 29.Ref2 Nf6
30.Nxc8 Rxc8 31.Qe2 Ng4 32.Rf3 Nxf3 33.Rxf3 Qh4 34.Bc4 Ba7 35.a4 Nf6 36.e5 Ne4
37.Bg1 f5 38.d6+  1-0

[Event "chess.com Speed 3m+1spm 2018"]
[Site "chess.com INT"]
[Date "2018.12.02"]
[Round "4.13"]
[White "Nakamura,Hi"]
[Black "So,W"]
[Result "1/2-1/2"]
[WhiteElo "2777"]
[BlackElo "2780"]

1.e4 e5 2.Nf3 Nc6 3.Bc4 Bc5 4.c3 Nf6 5.d3 O-O 6.O-O d5 7.exd5 Nxd5 8.a4 a5
9.Re1 Bg4 10.Nbd2 Nb6 11.Bb5 Bd6 12.Ne4 Na7 13.h3 Bh5 14.Ng3 Bxf3 15.Qxf3 c6
16.Bc4 Nxc4 17.dxc4 Nc8 18.Nf5 Ne7 19.Bg5 f6 20.Rad1 Nxf5 21.Qxf5 Qe7 22.Be3 Rad8
23.Rd2 g6 24.Qc2 Bc5 25.b3 Bxe3 26.Rxe3 Rxd2 27.Qxd2 Rd8 28.Rd3 Rxd3 29.Qxd3 Kf7
30.Qe3 Qa3 31.Qb6 Qc1+ 32.Kh2 Ke6 33.Qxb7  1/2-1/2

[Event "chess.com Speed 3m+1spm 2018"]
[Site "chess.com INT"]
[Date "2018.12.02"]
[Round "4.14"]
[White "So,W"]
[Black "Nakamura,Hi"]
[Result "1-0"]
[WhiteElo "2780"]
[BlackElo "2777"]

1.e4 e5 2.Nf3 Nc6 3.Bc4 Bc5 4.O-O Nf6 5.d3 O-O 6.h3 d6 7.c3 Be6 8.Bxe6 fxe6
9.b4 Bb6 10.Re1 Ne7 11.Nbd2 Ng6 12.Nf1 a5 13.b5 a4 14.Ng3 Qd7 15.Rb1 Ra5
16.Bd2 Rxb5 17.d4 Rxb1 18.Qxb1 exd4 19.cxd4 e5 20.dxe5 Nxe5 21.Nxe5 dxe5
22.Be3 Bxe3 23.Rxe3 b5 24.Rd3 Qc6 25.Qb2 Re8 26.Rc3 Qd7 27.Qc2 Rc8 28.Rc5 c6
29.Rxe5 Rd8 30.Kh2 Rc8 31.Nf5 Qc7 32.f4 Re8 33.Rxe8+ Nxe8 34.e5 Qd7 35.Qxc6 Qxc6
36.Ne7+ Kf7 37.Nxc6 Nc7 38.Nb4 Ke6 39.g4 Nd5 40.Nd3 Nc3 41.f5+ Kd5 42.e6 Kd6
43.Nb4 h5 44.Kg3 Ne2+ 45.Kf3 Ng1+ 46.Kg3 Ne2+ 47.Kh4 Nf4 48.gxh5 Ke7 49.Kg4 Ng2
50.Kg5 Ne3 51.Kg6  1-0

[Event "chess.com Speed 3m+1spm 2018"]
[Site "chess.com INT"]
[Date "2018.12.02"]
[Round "4.15"]
[White "Nakamura,Hi"]
[Black "So,W"]
[Result "1-0"]
[WhiteElo "2777"]
[BlackElo "2780"]

1.d3 e5 2.Nf3 Nc6 3.g3 d5 4.Bg2 Nf6 5.O-O h6 6.Nbd2 Be7 7.e4 O-O 8.Re1 dxe4
9.dxe4 a5 10.a4 b6 11.c3 Ba6 12.Bf1 Bxf1 13.Kxf1 Nd7 14.Nc4 Bc5 15.Kg2 Re8
16.Bd2 Qe7 17.Qe2 Qe6 18.Rab1 Be7 19.Be3 Bc5 20.Red1 Red8 21.Rd5 Bxe3 22.Nxe3 Nf6
23.Rxd8+ Rxd8 24.Qc2 g6 25.h3 Ne7 26.b3 Qc6 27.Ng4 Nxg4 28.hxg4 f6 29.Re1 Qd7
30.b4 Qxg4 31.Qb3+ Kf8 32.bxa5 bxa5 33.Qb5 g5 34.Qxa5 Ng6 35.Nh2 Qd7 36.Qc5+ Qd6
37.Qc4 h5 38.a5 h4 39.Ng4 hxg3 40.fxg3 Kg7 41.Ne3 Ne7 42.Rd1  1-0